| 000 | 00757cam a22002533a 4500 | ||
|---|---|---|---|
| 001 | 14315 | ||
| 003 | PGUSA | ||
| 005 | 20140828083315.0 | ||
| 008 | 041210s2004||||xxu|||||s|||||000 | eng d | ||
| 040 |
_aPGUSA _beng |
||
| 042 | _adc | ||
| 050 | 4 | _aDA | |
| 100 | 1 |
_aDitchfield, P. H. _q(Peter Hampson), _d1854-1930 |
|
| 245 | 1 | 0 |
_aOld English Sports, Pastimes and Customs _h[electronic resource] / _cP. H. Ditchfield |
| 260 |
_bProject Gutenberg, _c2004 |
||
| 506 | _aPublic domain in the USA. | ||
| 516 | _aElectronic text | ||
| 653 | _aHolidays -- England | ||
| 653 | _aEngland -- Social life and customs | ||
| 653 | _aAmusements -- England | ||
| 830 | 0 |
_aProject Gutenberg _v14315 |
|
| 856 | 4 | 0 | _uhttp://www.gutenberg.org/ebooks/14315 |
| 942 | _cEB | ||
| 999 |
_c243570 _d243570 |
||